000 00223nam a22000857a 4500
008 161201b xxu||||| |||| 00| 0 eng d
100 _91680
_aSrivastava.M
245 _aIitoo and the fire works
260 _aNew Delhi
_bN.D CBT
_c2007
999 _c4391
_d4391